00533nam a2200169Ia 4500008004100000020001800041050001800059050001800077245002500095245011100120245006300231260001500294260001700309260000900326300001700335300001100352180523s9999 xx 000 0 und d a0-07-052718-0 aMAIN QD 256.5 b.O74 2000 c.2 0aOrganic chemistry :  0bbased on schaum's outline of organic chemistry by Herbert Meislich, Howard Nechamkin, and Jacob Sharefkin. 0cabridgement editors, Mark S. Meier and Jennifer L. Muzyka. aNew York : bMcGraw-Hill, c2000 a138 pages :  c22 cm.